Arqueología Alto Amazónica : (Record no. 22394)

000 -CABECERA
campo de control de longitud fija 01196nam a22002897a 4500
003 - IDENTIFICADOR DEL NÚMERO DE CONTROL
campo de control OSt
005 - FECHA Y HORA DE LA ÚLTIMA TRANSACCIÓN
campo de control 20220523100026.0
008 - DATOS DE LONGITUD FIJA--INFORMACIÓN GENERAL
campo de control de longitud fija 220523b ||||| |||| 00| 0 spa
020 ## - NÚMERO INTERNACIONAL ESTÁNDAR DEL LIBRO
Número Internacional Estándar del Libro 9786124582462
040 ## - FUENTE DE LA CATALOGACIÓN
Centro/agencia transcriptor Biblioteca Municipal del Cusco
082 00 - NÚMERO DE LA CLASIFICACIÓN DECIMAL DEWEY
Número de clasificación 985.01/O44
Notación interna O44
100 1# - ENTRADA PRINCIPAL--NOMBRE DE PERSONA
Nombre de persona Olivera Núñez, Quirino
9 (RLIN) 48008
245 10 - MENCIÓN DE TÍTULO
Título Arqueología Alto Amazónica :
Resto del título los orígenes de la civilización en el Perú /
Mención de responsabilidad, etc. Quirino Olivera Núñez
246 31 - FORMA VARIANTE DE TÍTULO
Título propio/Titulo breve High Amazon archeology :
Resto del título the origins of the civilizations in Perú
250 ## - MENCIÓN DE EDICIÓN
Mención de edición Primera edición.
264 #1 - PRODUCCIÓN, PUBLICACIÓN, DISTRIBUCIÓN, FABRICACIÓN Y COPYRIGHT
Producción, publicación, distribución, fabricación y copyright Lima :
Nombre del de productor, editor, distribuidor, fabricante Apus Graph Ediciones,
Fecha de producción, publicación, distribución, fabricación o copyright 2014.
300 ## - DESCRIPCIÓN FÍSICA
Extensión 260 páginas. :
Otras características físicas ilustraciones en color, mapas, plano, retratos ;
Dimensiones 30x25 cm.
500 ## - NOTA GENERAL
Nota general Texto en español e inglés.
504 ## - NOTA DE BIBLIOGRAFÍA, ETC.
Nota de bibliografía, etc. Bibliografía: páginas. 258-260.
650 ## - PUNTO DE ACCESO ADICIONAL DE MATERIA--TÉRMINO DE MATERIA
Término de materia o nombre geográfico como elemento de entrada Arqueología
Subdivisión geográfica Amazonía
-- Perú
9 (RLIN) 48009
650 ## - PUNTO DE ACCESO ADICIONAL DE MATERIA--TÉRMINO DE MATERIA
Término de materia o nombre geográfico como elemento de entrada Excavaciones (Arqueología)
Subdivisión geográfica Amazonía
-- Perú
9 (RLIN) 48010
651 ## - PUNTO DE ACCESO ADICIONAL DE MATERIA--NOMBRE GEOGRÁFICO
Nombre geográfico Perú
Subdivisión general Historia
Subdivisión cronológica Época Prehispánica
9 (RLIN) 48011
651 ## - PUNTO DE ACCESO ADICIONAL DE MATERIA--NOMBRE GEOGRÁFICO
Nombre geográfico Amazonía peruana (Perú)
Subdivisión general Historia
Subdivisión cronológica Época Prehispánica
9 (RLIN) 48012
651 ## - PUNTO DE ACCESO ADICIONAL DE MATERIA--NOMBRE GEOGRÁFICO
Nombre geográfico Perú
Subdivisión general Antigüedades
Subdivisión cronológica Época Prehispánica
9 (RLIN) 48013
700 ## - PUNTO DE ACCESO ADICIONAL--NOMBRE DE PERSONA
Nombre de persona Luján, Rachel
Término indicativo de función/relación traductor
9 (RLIN) 48014
942 ## - ELEMENTOS DE PUNTO DE ACCESO ADICIONAL (KOHA)
Fuente del sistema de clasificación o colocación
Tipo de ítem Koha Libros-BMC
Holdings
Estado de retiro Estado de pérdida Fuente del sistema de clasificación o colocación Estado dañado No para préstamo Localización permanente Ubicación/localización actual Ubicación en estantería Fecha de adquisición Fuente de adquisición Coste, precio normal de compra Signatura topográfica completa Código de barras Fecha visto por última vez Precio válido a partir de Tipo de ítem Koha
          Sala Humanidades Sala Humanidades Book Cart 2022-05-23 Donación 150.00 985.01/O44 SH0000016237 2022-05-23 2022-05-23 Libros-BMC

Powered by Koha